| 000 | 00771nam a2200229 a 4500 | ||
|---|---|---|---|
| 001 | 000022827 | ||
| 005 | 20250520113501.0 | ||
| 008 | 101119s1989 mx r 000 0 spa d | ||
| 020 | _a9684032188 | ||
| 040 |
_aDO-SdBNP _bspa _cBNPHU |
||
| 082 |
_a153.42 _bB719s, 1989 |
||
| 100 | 1 |
_aBono, Edward De, _d1933 _946911 |
|
| 245 | 1 | 0 |
_aSaber pensar / _cEdward De Bono ; edición de Diana sánchez ; traducción de Rosa María Ojeda de Soto. |
| 250 | _a6a ed. | ||
| 260 |
_aMéxico : _bSelector, _c1989. |
||
| 300 |
_a[9] 143 p. : _bil. ; _c19 cm. |
||
| 500 | _aObra publicada inicialmente con el título: Nuevo raciocinio. | ||
| 650 | 0 |
_aPensamiento _922995 |
|
| 700 | 1 |
_aSánchez, Diana, _eed. _946912 |
|
| 700 | 1 |
_aOjeda de Soto, Rosa María, _etr. _946913 |
|
| 049 | _aBNGR | ||
| 999 |
_c22324 _d22324 |
||